000 00788nam a2200265 i 4500
001 18568
003 ES-MaACL
005 20250815053919.0
007 t|
008 011031s1998 sp ||||0| spa j
020 _a84-923112-2-3
040 _aM-BN
_bspa
_cM-BN
080 _a950"19"
100 1 _aDu Roy, Olivier.
_945717
245 1 3 _aLa nueva Asia Central o La fabricación de naciones /
_cOlivier Roy ; [traducción de Agustín Temes].
250 _a1ª ed.
260 _aMadrid :
_bSequitur,
_c1998.
300 _a324 p ;
_c21 cm.
651 7 _aAsia central-
_xHistoria
_2
_9145397
700 1 _aTemes, Agustín.
_9109664
740 3 _aLa fabricación de naciones.
852 _aES-MaACL
_jL-25137
_bR.130529
999 _c18568
_d18568